000 00219nam a2200097Ia 4500
001 652070
005 20250826154431.0
008 250824s9999 xx 000 0 und d
245 0 _aDALGAKIRAN
_cKAT FALLS
260 _bTUDEM
999 _c652070
_d652070